| 000 | 01016nam a2200253 a 4500 | ||
|---|---|---|---|
| 001 | BRCA_1229 | ||
| 005 | 20190320203333.0 | ||
| 008 | 000302s2002 mx-a---##b---#000-0#spa-d | ||
| 020 | _a9687794097 | ||
| 050 | 4 |
_aND1420 _b.V54 2002 |
|
| 245 | 1 | 0 |
_aViento detenido _bmitologías e historias en el arte del biombo : colección de biombos de los siglos XVII al XIX de Museo Soumaya _censayos de Gustavo Curiel ... [et al.]. |
| 250 | _a2 | ||
| 260 |
_aMéxico _bAsociación Carso _c2002 |
||
| 300 |
_a263 p. _bil. (algunas a color) _c33 cm. |
||
| 500 | _aCatálogo de la exposición realizada en el Museo Soumaya (Ciudad de México) | ||
| 504 | _aBibliografía : p. 253-261 | ||
| 610 | 2 | 4 |
_aMuseo Soumaya (Ciudad de México) _vExposiciones _94029 |
| 650 | 1 | 4 |
_aBiombos _vExposiciones _xTemas, motivos _94030 |
| 650 | 1 | 4 |
_aSimbolismo en arte _vExposiciones _94031 |
| 650 | 1 | 4 |
_aArte y mitología _vExposiciones _94032 |
| 650 | 1 | 4 |
_aBiombos _vExposiciones _zMéxico _94033 |
| 700 | 1 |
_aCuriel, Gustavo _92378 |
|
| 942 |
_2lcc _cB |
||
| 999 |
_c1099 _d1099 |
||